Revista del Instituto de Estudios Penales

Detalles Bibliográficos
Formato: eBook
Lenguaje:español
Publicado: Buenos Aires: Induvio editora, 2009 -
Materias:
Acceso en línea:Acceso restringido

MARC

LEADER 00000nam a22000007a 4500
005 20170411174437.0
007 cr|||| ||||
008 170411c20099999ar |||| s|||| 0||| 1spa d
035 |a 20270 
040 |a vLex 
090 |c 6646  |d 6646 
245 0 0 |a Revista del Instituto de Estudios Penales  |h [Recurso electrn̤ico]  
256 |a Servicio en ln̕ea 
260 |a Buenos Aires:  |b Induvio editora,  |c 2009 - 
300 |a 1 recurso electrn̤ico 
310 |a Mensual 
362 |a Nm︢. 1 (2009) - 
506 0 |a Contenido disponible en los productos indicados  |d vLex Global  |d vLex Global (Academic Edition, excluding Law Schools)  |d vLex Global (U.S. Academic Edition, Law Schools)  |d vLex Global (U.S. Academic Edition, excluding Law Schools)  |d vLex Global (Academic Edition, Law Schools) 
650 0 4 |a Derecho penal  |z Argentina 
740 0 |a vLex Revistas (Servicio en ln̕ea) 
856 4 0 |u http://vlex.com/source/revista-instituto-estudios-penales-20270  |z Acceso restringido 
942 |c REV 
999 0 |a Criminal Law